000 00400nam a2200145Ia 4500
008 090124s9999 xx 000 0 und d
082 _b301812
245 _a ध्येयवादी
250 _a1
260 _bकाकोडकर चंद्रकांत.
_c1987
300 _a168
630 _a ध्येयवादी
730 _a ध्येयवादी
942 _cBOOK
999 _c191404
_d191404